<?xml version="1.0" encoding="UTF-8"?>
<record
    xmlns:xsi="http://www.w3.org/2001/XMLSchema-instance"
    xsi:schemaLocation="http://www.loc.gov/MARC21/slim http://www.loc.gov/standards/marcxml/schema/MARC21slim.xsd"
    xmlns="http://www.loc.gov/MARC21/slim">

  <leader>01497nam a2200193 a 4500</leader>
  <controlfield tag="001">000047651</controlfield>
  <controlfield tag="005">20201002060646.0</controlfield>
  <controlfield tag="008">180713s2017                  000   spa d</controlfield>
  <datafield tag="040" ind1=" " ind2=" ">
    <subfield code="a">DO-SdBNP</subfield>
    <subfield code="b">spa</subfield>
    <subfield code="c">BNPHU</subfield>
  </datafield>
  <datafield tag="082" ind1=" " ind2=" ">
    <subfield code="a">001.42</subfield>
    <subfield code="b">U588m</subfield>
  </datafield>
  <datafield tag="110" ind1=" " ind2="2">
    <subfield code="a">Universidad Cat&#xF3;lica Santo Domingo</subfield>
    <subfield code="b">Rep&#xFA;blica Dominicana</subfield>
    <subfield code="9">11141</subfield>
  </datafield>
  <datafield tag="245" ind1="1" ind2="0">
    <subfield code="a">Manual de instrucciones para elaborar el proyecto y la tesis de grado.</subfield>
  </datafield>
  <datafield tag="260" ind1=" " ind2=" ">
    <subfield code="a">Santo Domingo :</subfield>
    <subfield code="b">Universidad Cat&#xF3;lica Santo Domingo,</subfield>
    <subfield code="c">2017.</subfield>
  </datafield>
  <datafield tag="300" ind1=" " ind2=" ">
    <subfield code="a">59 p. ;</subfield>
    <subfield code="c">21 cm.</subfield>
  </datafield>
  <datafield tag="505" ind1="0" ind2=" ">
    <subfield code="a">Introducci&#xF3;n --</subfield>
    <subfield code="t">El proyectode investigaci&#xF3;n --</subfield>
    <subfield code="t">Elecci&#xF3;n y definici&#xF3;n de tema de investigaci&#xF3;n --</subfield>
    <subfield code="t">Plantiamiento del problema de investigaci&#xF3;n --</subfield>
    <subfield code="t">Formulaci&#xF3;n y sistematizaci&#xF3;n del problema --</subfield>
    <subfield code="t">Objetivos de la investigaci&#xF3;n --</subfield>
    <subfield code="t">Justificaci&#xF3;n de la investigaci&#xF3;n --</subfield>
    <subfield code="t">Elaboraci&#xF3;n del marco de referencia de la investigaci&#xF3;n --</subfield>
    <subfield code="t">Aspectos metodol&#xF3;gicos --</subfield>
    <subfield code="t">Dise&#xF1;o de investigaci&#xF3;n --</subfield>
    <subfield code="t">Tipo de estudio o alcance de la investigaci&#xF3;n --</subfield>
    <subfield code="t">M&#xE9;todos de investigaci&#xF3;n --</subfield>
    <subfield code="t">Poblaci&#xF3;n y mustra --</subfield>
    <subfield code="t">Fuentes de informaci&#xF3;n --</subfield>
    <subfield code="t">T&#xE9;cnicas de investigaci&#xF3;n --</subfield>
    <subfield code="t">Tratamiento de la informaci&#xF3;n --</subfield>
    <subfield code="t">Bibliograf&#xED;a --</subfield>
    <subfield code="t">Indicaciones para desarrollar la investigaci&#xF3;n --</subfield>
    <subfield code="t">Normas para la presentaci&#xF3;n del informe de investigaci&#xF3;n--</subfield>
    <subfield code="t">Normas de estilo para elaborar el informe de investigaci&#xF3;n --</subfield>
    <subfield code="t">Bibliograf&#xED;a --</subfield>
    <subfield code="t">Anexos.</subfield>
  </datafield>
  <datafield tag="590" ind1=" " ind2=" ">
    <subfield code="a">Inventariado, 2018/VM</subfield>
  </datafield>
  <datafield tag="650" ind1=" " ind2="4">
    <subfield code="a">Investigaci&#xF3;n cient&#xED;fica</subfield>
    <subfield code="v">MANUALES</subfield>
    <subfield code="9">10507</subfield>
  </datafield>
  <datafield tag="650" ind1=" " ind2="4">
    <subfield code="a">Metodolog&#xED;a cient&#xED;fica</subfield>
    <subfield code="v">MANUALES</subfield>
    <subfield code="9">10508</subfield>
  </datafield>
  <datafield tag="952" ind1=" " ind2=" ">
    <subfield code="0">0</subfield>
    <subfield code="1">0</subfield>
    <subfield code="5">0</subfield>
    <subfield code="7">1</subfield>
    <subfield code="8">MO</subfield>
    <subfield code="a">GR</subfield>
    <subfield code="b">GR</subfield>
    <subfield code="c">HD</subfield>
    <subfield code="d">2018-07-13</subfield>
    <subfield code="i">LF1</subfield>
    <subfield code="l">0</subfield>
    <subfield code="o">001.42 U588m</subfield>
    <subfield code="p">47651-30</subfield>
    <subfield code="r">2020-06-25</subfield>
    <subfield code="t">e. 3</subfield>
    <subfield code="w">2020-06-25</subfield>
    <subfield code="y">1</subfield>
    <subfield code="Z">No se presta</subfield>
  </datafield>
  <datafield tag="952" ind1=" " ind2=" ">
    <subfield code="0">0</subfield>
    <subfield code="1">0</subfield>
    <subfield code="5">0</subfield>
    <subfield code="7">1</subfield>
    <subfield code="8">MO</subfield>
    <subfield code="a">PD</subfield>
    <subfield code="b">PD</subfield>
    <subfield code="c">HD</subfield>
    <subfield code="d">2018-07-13</subfield>
    <subfield code="i">LF1</subfield>
    <subfield code="l">0</subfield>
    <subfield code="o">001.42 U588m</subfield>
    <subfield code="p">47651-10</subfield>
    <subfield code="r">2020-06-25</subfield>
    <subfield code="t">e. 2</subfield>
    <subfield code="w">2020-06-25</subfield>
    <subfield code="y">1</subfield>
    <subfield code="Z">No se presta</subfield>
  </datafield>
  <datafield tag="952" ind1=" " ind2=" ">
    <subfield code="0">0</subfield>
    <subfield code="1">0</subfield>
    <subfield code="5">0</subfield>
    <subfield code="7">1</subfield>
    <subfield code="8">MO</subfield>
    <subfield code="a">PD</subfield>
    <subfield code="b">PD</subfield>
    <subfield code="c">HD</subfield>
    <subfield code="d">2018-07-13</subfield>
    <subfield code="i">LF1</subfield>
    <subfield code="l">0</subfield>
    <subfield code="o">001.42 U588m</subfield>
    <subfield code="p">47651-20</subfield>
    <subfield code="r">2020-06-25</subfield>
    <subfield code="w">2020-06-25</subfield>
    <subfield code="y">1</subfield>
    <subfield code="Z">No se presta</subfield>
  </datafield>
  <datafield tag="999" ind1=" " ind2=" ">
    <subfield code="c">47139</subfield>
    <subfield code="d">47139</subfield>
  </datafield>
</record>
